Dream Tower, Praha, Nové Butovice

Saved in:
Bibliographic Details
Main Author: Kelebercová, Patrícia (Author)
Other Authors: Puškár, Branislav (Thesis advisor)
Format: Manuscript Book
Language:Slovak
Published: Bratislava 2019
Subjects:
Online Access:http://is.stuba.sk/zp/portal_zp.pl?podrobnosti=146783
Tags: Add Tag
No Tags, Be the first to tag this record!

MARC

LEADER 00000ntm a22000003a 4500
001 stuzp72812
003 SK-STU
005 20200908110627.4
007 ta
008 150427s2015----xo-----f-mn---000-0-slo-d
040 |a STU  |b slo 
041 0 |a slo 
100 1 |a Kelebercová, Patrícia  |u 051110  |k Z4  |4 aut  |U FAD Fakulta architektúry  |T FA Ústav architektúry obytných budov  |X 65235  |U A1110  |Y 392  |7 65235 
242 0 1 |a Dream Tower, Praha, Nové Butovice  |y eng 
245 1 0 |a Dream Tower, Praha, Nové Butovice 
260 |c 2019  |a Bratislava 
650 4 |a polyfunkcia  |2 slo 
650 4 |a bývanie  |2 slo 
650 4 |a Praha  |2 slo 
650 4 |a residential building  |2 eng 
650 4 |a multi-purpose  |2 eng 
650 4 |a Prague  |2 eng 
700 1 |a Puškár, Branislav  |u 051110  |k Z1  |4 ths  |U FAD Fakulta architektúry  |T FA Ústav architektúry obytných budov  |X 5199  |U A1110  |Y 392  |7 A000005199 
856 4 |u http://is.stuba.sk/zp/portal_zp.pl?podrobnosti=146783  |u https://opac.crzp.sk/?fn=detailBiblioForm&sid=BCA102CB6C4CA54D44ECA675C35B